| 000 | 00835nam a22001577a 4500 | ||
|---|---|---|---|
| 003 | OSt | ||
| 005 | 20151231093539.0 | ||
| 008 | 151231b xxu||||| |||| 00| 0 eng d | ||
| 040 | _cRUA | ||
| 082 | _aLMA SRE 2007 B295 Or.1 | ||
| 100 |
_95831 _aSRENG, TOLA. |
||
| 245 | _athe demarcation and survey parcel in the process of systematic land registration in kampong thmor commune, santuk district, kampong thom province (ការកំណត់ព្រំ និងវាស់វែងក្បាលដីក្នុងដំណើរការចុះបញ្ចីដីមានលក្ខណៈជាប្រព័ន្ធនៅឃុំកំពង់ថ្ច ស្រុកសន្ទុក ខេត្តកំពង់ធំ) | ||
| 260 |
_aPhnom Penh _bRUA _c2007 |
||
| 300 |
_axi, 52p. _bill. _c29cm. |
||
| 942 |
_2ddc _cLMA |
||
| 999 |
_c5430 _d5430 |
||